The report on electronic mail

Đã lưu trong:
书目详细资料
企业作者: The Yankeegroup
格式: 图书
语言:Undetermined
出版: Cambridge Harvard Square 1981
主题:
标签: 添加标签
没有标签, 成为第一个标记此记录!
Thư viện lưu trữ: Trung tâm Học liệu Trường Đại học Cần Thơ
LEADER 00509nam a2200181Ia 4500
001 CTU_87146
008 210402s9999 xx 000 0 und d
082 |a 384 
082 |b R785 
110 |a The Yankeegroup 
245 4 |a The report on electronic mail 
260 |a Cambridge 
260 |b Harvard Square 
260 |c 1981 
650 |a electronic mail systems,electronic funds transfers 
650 |x periodicals,periodicals 
904 |i Truc 
980 |a Trung tâm Học liệu Trường Đại học Cần Thơ